|
|
|
|
| LEADER |
00000cam a2200000 a 4500 |
| 001 |
32680 |
| 003 |
CZ-ZlUTB |
| 005 |
20190826000123.0 |
| 007 |
tu |
| 008 |
960813s1996 xr e p 001 0 cze |
| 020 |
|
|
|a 8021012757
|q (brož.)
|
| 040 |
|
|
|a ABA001
|b cze
|d ZLD002
|
| 072 |
|
7 |
|a 374
|x Výchova a vzdělávání dospělých. Mimoškolní výchova a vzdělávání
|2 Konspekt
|9 22
|
| 080 |
|
|
|a 374
|2 undef
|
| 080 |
|
|
|a 379.8
|2 undef
|
| 245 |
0 |
0 |
|a Metody a formy výchovy ve volném čase :
|b kultura a umění ve výchově /
|c Vladimír Spousta ... [et al.]
|
| 250 |
|
|
|a 1. vyd.
|
| 260 |
|
|
|a Brno :
|b Masarykova univerzita, Pedagogická fakulta,
|c 1996
|
| 300 |
|
|
|a 81 s. ;
|c 30 cm
|
| 500 |
|
|
|a Tab.
|
| 504 |
|
|
|a Věcný rejstřík
|
| 504 |
|
|
|a Bibliogr.
|
| 650 |
0 |
7 |
|a výchova pro volný čas
|7 ph116695
|2 czenas
|
| 650 |
0 |
7 |
|a estetická výchova
|7 ph119996
|2 czenas
|
| 650 |
0 |
7 |
|a volný čas
|7 ph127235
|x masmédia
|2 czenas
|
| 650 |
0 |
7 |
|a výchova pro volný čas
|7 ph116695
|x umění
|x kultura
|2 czenas
|
| 655 |
|
7 |
|a učebnice vysokých škol
|7 fd133772
|2 czenas
|
| 655 |
|
7 |
|a vysokoškolská skripta
|7 fd190824
|2 czenas
|
| 700 |
1 |
|
|a Spousta, Vladimír,
|d 1930-
|7 jn19990209789
|4 aut
|
| 910 |
|
|
|a ZLD002
|
| 952 |
|
|
|0 0
|1 0
|4 0
|6 S37METODY
|7 0
|8 BOOK
|9 74855
|a UTBZL
|b UTBZL
|c 030
|d 2007-06-28
|l 0
|o S37/METODY
|p 420010107993
|r 2019-08-26 00:00:00
|v 75.00
|w 2019-08-26
|x N:nákup | 20100831
|y 05
|
| 952 |
|
|
|0 0
|1 0
|4 0
|6 S37METODY
|7 0
|8 BOOK
|9 74856
|a UTBZL
|b UTBZL
|c 006
|d 2007-06-28
|l 28
|o S37/METODY
|p 420010107992
|r 2025-11-12 13:33:53
|s 2019-10-14
|v 75.00
|w 2019-08-26
|x N:nákup | 20100831
|y 04
|
| 952 |
|
|
|0 0
|1 0
|4 0
|6 S37METODY
|7 0
|8 BOOK
|9 74857
|a UTBZL
|b UTBZL
|c 030
|d 2007-06-28
|l 27
|m 5
|o S37/METODY
|p 420010107994
|r 2021-12-08 00:00:00
|s 2021-11-04
|v 75.00
|w 2019-08-26
|x N:nákup | 20100831
|y 05
|
| 952 |
|
|
|0 0
|1 0
|4 0
|6 S37METODY
|7 0
|8 BOOK
|9 74858
|a UTBZL
|b UTBZL
|c 030
|d 2007-06-28
|l 19
|m 2
|o S37/METODY
|p 420010107995
|r 2019-11-06 00:00:00
|s 2019-09-10
|v 75.00
|w 2019-08-26
|x N:nákup
|y 05
|
| 952 |
|
|
|0 0
|1 0
|4 0
|6 S37METODY
|7 0
|8 BOOK
|9 74859
|a UTBZL
|b UTBZL
|c 006
|d 2007-06-28
|l 21
|o S37/METODY
|p 420010107996
|r 2019-10-30 00:00:00
|s 2019-10-22
|v 75.00
|w 2019-08-26
|x N:nákup
|y 04
|
| 992 |
|
|
|a BK
|b SK
|d 89
|
| 999 |
|
|
|c 32680
|d 32680
|